000
00284nam a22001337a 4500
008
180920b xxu||||| |||| 00| 0 eng d
020
_a
9780801472831
041
_a
eng
080
_a
574
100
_a
9
101
_a
MJE
245
_a
Grauns From Grass
_c
Lisa.C
942
_2
udc
_c
BK
999
_c
48144
_d
48144